US State Capital Quiz Random Order - Random Order - Statistics

General Stats
  • This quiz has been taken 7 times
  • The average score is 40 of 50
Answer Stats
Hint Answer % Correct
New York Albany
100%
West Virginia Charleston
100%
Iowa Des Moines
100%
Connecticut Hartford
100%
Montana Helena
100%
Alaska Juneau
100%
Wisconsin Madison
100%
Tennessee Nashville
100%
South Dakota Pierre
100%
Rhode Island Providence
100%
Utah Salt Lake City
100%
Florida Tallahassee
100%
Maryland Annapolis
75%
Georgia Atlanta
75%
Maine Augusta
75%
Texas Austin
75%
Louisiana Baton Rouge
75%
North Dakota Bismarck
75%
Idaho Boise
75%
Massachusetts Boston
75%
Nevada Carson City
75%
Wyoming Cheyenne
75%
South Carolina Columbia
75%
Ohio Columbus
75%
New Hampshire Concord
75%
Colorado Denver
75%
Delaware Dover
75%
Kentucky Frankfort
75%
Hawaii Honolulu
75%
Indiana Indianapolis
75%
Mississippi Jackson
75%
Michigan Lansing
75%
Arkansas Little Rock
75%
Alabama Montgomery
75%
Vermont Montpelier
75%
Oklahoma Oklahoma City
75%
Washington Olympia
75%
Arizona Phoenix
75%
North Carolina Raleigh
75%
Virginia Richmond
75%
California Sacramento
75%
Oregon Salem
75%
New Mexico Santa Fe
75%
Illinois Springfield
75%
Minnesota St Paul
75%
New Jersey Trenton
75%
Pennsylvania Harrisburg
50%
Missouri Jefferson City
50%
Nebraska Lincoln
50%
Kansas Topeka
50%
No matching quizzes found
Score Distribution
Percent of People with Each Score
Percentile by Number Answered
Your Score History
You have not taken this quiz